Words That End in "Sult" - Statistics

General Stats
  • This quiz has been taken 20 times
    13 since last reset
  • The average score is 3 of 9
Answer Stats
# Words % Correct
I Insult
100%
R Result
100%
C Consult
67%
R Reconsult
17%
A Archconsult
0%
D Disinsult
0%
J Jurisconsult
0%
P Preconsult
0%
S Superconsult
0%
No matching quizzes found
Score Distribution
Percent of People with Each Score
Percentile by Number Answered
Your Score History
You have not taken this quiz since the last reset